Study Guide Financial Management for Decision Making by Harold Bierman and Seymour Smidt
Salvato in:
| Autore principale: | |
|---|---|
| Altri autori: | |
| Natura: | Libro |
| Lingua: | inglese |
| Pubblicazione: |
New York
MacMillan Publ. Co.
1986
|
| Edizione: | 1. ed. |
| Soggetti: | |
| Tags: |
Nessun Tag, puoi essere il primo ad aggiungerne!!
|
MARC
| LEADER | 00000nam a2200000 4500 | ||
|---|---|---|---|
| 001 | c010808 | ||
| 005 | 20221220074227.1 | ||
| 020 | |a 0-02-310110-5 | ||
| 041 | 0 | |a eng | |
| 044 | |a US | ||
| 245 | 1 | 0 | |a Study Guide Financial Management for Decision Making by Harold Bierman and Seymour Smidt |c John S. Jahera, Daniel E. Page |
| 250 | |a 1. ed. | ||
| 264 | 1 | |a New York |b MacMillan Publ. Co. |c 1986 | |
| 300 | |a 223 s. | ||
| 610 | 2 | 0 | |a manažment finančný |
| 610 | 2 | 0 | |a manažment |
| 610 | 2 | 0 | |a procesy rozhodovacie |
| 610 | 2 | 0 | |a plánovanie finančné |
| 610 | 2 | 0 | |a rozpočet kapitálový |
| 610 | 2 | 0 | |a financovanie |
| 610 | 2 | 0 | |a financie medzinárodné |
| 610 | 2 | 0 | |a plán |
| 610 | 2 | 0 | |a plánovanie |
| 100 | 1 | |a Jahera, John S. | |
| 700 | 1 | |a Page, Daniel E. | |